Evaluación de la cuenca del río Purires con fines de desarrollo agrícola
Furkejuvvon:
| Váldodahkki: | |
|---|---|
| Materiálatiipa: | Girji |
| Almmustuhtton: |
[San José , Costa Rica]
1984
|
| Fáddágilkorat: |
Lasit fáddágilkoriid
Eai fáddágilkorat, Lasit vuosttaš fáddágilkora!
|
MARC
| LEADER | 00000nam a2200000Ia 4500 | ||
|---|---|---|---|
| 003 | 002683 | ||
| 005 | 20221231144405.0 | ||
| 008 | 140114s1984 cr a m 000 ||s d | ||
| 040 | |c cru CEDI | ||
| 090 | |a TFG 1617 | ||
| 100 | |a Solorzano Campos, Edwin |9 14652 | ||
| 245 | |a Evaluación de la cuenca del río Purires con fines de desarrollo agrícola | ||
| 260 | |c 1984 |a [San José , Costa Rica] | ||
| 300 | |a v, 86 hojas :ilustraciones | ||
| 500 | |a Práctica profesional dirigida (bachiller en Ingeniería Agrícola)--Universidad de Costa Rica. Facultad de Ingeniería. Escuela de Ingeniería Agrícola | ||
| 942 | |c TFG | ||
| 999 | |c 21170 |d 21170 | ||
